Bridge equipment and watchkeeping notes (Record no. 3165)

000 -LEADER
fixed length control field 00264nam a2200109Ia 4500
008 - FIXED-LENGTH DATA ELEMENTS--GENERAL INFORMATION
fixed length control field 200103s9999||||xx |||||||||||||| ||und||
082 ## - DEWEY DECIMAL CLASSIFICATION NUMBER
Classification number Column-4
100 ## - MAIN ENTRY--PERSONAL NAME
Personal name Fernandes, Edrich
245 #0 - TITLE STATEMENT
Title Bridge equipment and watchkeeping notes
942 ## - ADDED ENTRY ELEMENTS (KOHA)
Item type Books
Holdings
Withdrawn status Lost status Source of classification or shelving scheme Damaged status Not for loan Collection code Permanent location Current location Shelving location Date acquired Full call number Barcode Date last seen Koha item type
          Non-fiction IMU-MPC Library IMU-MPC Library General Stacks 2020-01-08 623.67 FER LBS13484 2025-03-17 Books
Copyright © 2021 Indian Maritime University, Mumbai Port Campus. All Rights Reserved. Managed & Maintained by Central Library, IMU-Mumbai

webs counters

Powered by Koha